00477nam a22001577a 450000500170000000800410001702000180005804100080007608200150008410000220009924500670012126000300018830000190021865000640023770000180030120260513170410.0260513b |||||||| |||| 00| 0 eng d a9781138492165 aEng a910.68 SLO aSlocum, Susan L.  aThe Business of Sustainable Tourism Development and Management aLondon bRoutledge c2020 a327;. P. 23 cm aSustainable tourism--Economic aspects; Tourism--Management aAidoo, Abena